[Event "Forni di Sopra op 14th"]
[Site "Forni di Sopra"]
[Date "2023.06.15"]
[Round "7"]
[White "Ohler, Julius"]
[Black "Podetti, Davide"]
[Result "1/2-1/2"]
[WhiteElo "2220"]
[BlackElo "2305"]
[PlyCount "45"]
[EventDate "2023.06.10"]
[EventType "swiss"]
[EventRounds "9"]
[EventCountry "ITA"]
[SourceTitle "CBM 214 Extra"]
[Source "ChessBase"]
[SourceDate "2023.07.31"]
[SourceVersion "1"]
[SourceVersionDate "2023.07.31"]
[SourceQuality "1"]

1. d4 Nf6 2. c4 e6 3. Nf3 b6 4. a3 Bb7 5. Nc3 d5 6. cxd5 Nxd5 7. e3 Be7 8. Bb5+ c6 9. Bd3 0-0 10. 0-0 c5 11. Bd2 cxd4 12. Nxd4 Nd7 13. Nxd5 Bxd5 14. Qc2 h6 15. Be4 Rc8 16. Bc3 Nf6 17. Bd3 Qc7 18. Qe2 Qb8 19. Rfe1 Bb7 20. Bb4 Bd6 21. h3 Rfd8 22. Bxd6 Rxd6 23. Ba6 1/2-1/2

[Event "Forni di Sopra op 14th"]
[Site "Forni di Sopra"]
[Date "2023.06.14"]
[Round "6"]
[White "Waddington, Mike P"]
[Black "Ohler, Julius"]
[Result "0-1"]
[WhiteElo "1996"]
[BlackElo "2220"]
[PlyCount "116"]
[EventDate "2023.06.10"]
[EventType "swiss"]
[EventRounds "9"]
[EventCountry "ITA"]
[SourceTitle "CBM 214 Extra"]
[Source "ChessBase"]
[SourceDate "2023.07.31"]
[SourceVersion "1"]
[SourceVersionDate "2023.07.31"]
[SourceQuality "1"]

1. e4 c6 2. d4 d5 3. exd5 cxd5 4. Bd3 Nc6 5. c3 Qc7 6. Ne2 Bg4 7. f3 Bd7 8. Bf4 e5 9. dxe5 Nxe5 10. 0-0 Bd6 11. Re1 Nf6 12. Nd4 0-0 13. Bg3 Rfe8 14. Bf1 Nh5 15. Nd2 Nxg3 16. hxg3 Nc6 17. Rxe8+ Rxe8 18. f4 Nxd4 19. cxd4 Qb6 20. Nf3 Qxb2 21. Rb1 Qc3 22. Rxb7 Qe3+ 23. Kh1 Re6 24. Qd3 Rh6+ 25. Nh2 Qe8 26. Qf3 a5 27. Kg1 Re6 28. Rb3 a4 29. Rb6 Bc7 30. Rxe6 Qxe6 31. Qd3 Bb6 32. Nf3 Qe4 33. Qc3 g6 34. Qb4 Ba7 35. Qb7 Bxd4+ 36. Kh2 Be6 37. Bb5 Bf2 38. Be8 Qf5 39. Qb8 Qh5+ 40. Nh4 Bxg3+ 41. Kxg3 Qg4+ 42. Kf2 Qxh4+ 43. Kf1 a3 44. Bd7+ Kg7 45. Bxe6 fxe6 46. Qc7+ Kf8 47. Qb8+ Kf7 48. Qc7+ Qe7 49. Qe5 Qb7 50. Kg1 Qb1+ 51. Kh2 Qc1 52. Kg3 h5 53. Kh4 Qc2 54. Kg3 Qc5 55. Kh3 Qc4 56. Kh4 d4 57. Qb8 Qc5 58. Qb7+ Qe7+ 0-1

[Event "Forni di Sopra op 14th"]
[Site "Forni di Sopra"]
[Date "2023.06.12"]
[Round "3"]
[White "Ohler, Julius"]
[Black "Capaliku, Aleks"]
[Result "1-0"]
[WhiteElo "2220"]
[BlackElo "1972"]
[PlyCount "95"]
[EventDate "2023.06.10"]
[EventType "swiss"]
[EventRounds "9"]
[EventCountry "ITA"]
[SourceTitle "CBM 214 Extra"]
[Source "ChessBase"]
[SourceDate "2023.07.31"]
[SourceVersion "1"]
[SourceVersionDate "2023.07.31"]
[SourceQuality "1"]

1. d4 d5 2. c4 e6 3. Nc3 f5 4. Bf4 c6 5. e3 Nf6 6. Bd3 Bd6 7. Nge2 0-0 8. 0-0 b6 9. Rc1 Qe7 10. Qc2 g6 11. Nb1 e5 12. dxe5 Bxe5 13. Bxe5 Qxe5 14. Nd2 Na6 15. Nf3 Qd6 16. a3 Nc5 17. cxd5 Nxd3 18. Qxd3 Qxd5 19. Qxd5+ cxd5 20. Nf4 Ba6 21. Rfd1 Rac8 22. Nd4 Rxc1 23. Rxc1 Rc8 24. Rxc8+ Bxc8 25. Nc6 Kf7 26. Kf1 Bd7 27. Nd4 Ke7 28. Ke2 Kd6 29. f3 a5 30. Kd3 Bc8 31. Kc3 Bd7 32. h4 Ne8 33. Nde2 Nc7 34. h5 g5 35. Nh3 Ne6 36. Nd4 Nxd4 37. Kxd4 g4 38. fxg4 fxg4 39. Ng5 Be8 40. Nxh7 Bxh5 41. Nf6 Bg6 42. Nxd5 b5 43. g3 Bf7 44. e4 Be6 45. Ne3 Bd7 46. e5+ Kc6 47. b4 axb4 48. axb4 1-0

[Event "GER-ch U16"]
[Site "Willingen"]
[Date "2023.05.31"]
[Round "5"]
[White "Ohler, Julius"]
[Black "Guo, Philipp Ziming"]
[Result "0-1"]
[WhiteElo "2220"]
[BlackElo "1941"]
[PlyCount "68"]
[EventDate "2023.05.27"]
[EventType "swiss"]
[EventRounds "9"]
[EventCountry "GER"]
[SourceTitle "CBM 214 Extra"]
[Source "ChessBase"]
[SourceDate "2023.07.31"]
[SourceVersion "1"]
[SourceVersionDate "2023.07.31"]
[SourceQuality "1"]

1. c4 c5 2. Nc3 Nc6 3. g3 g6 4. Bg2 Bg7 5. d3 e6 6. Nf3 Nge7 7. 0-0 0-0 8. Bg5 h6 9. Bd2 d5 10. cxd5 exd5 11. Qc1 Kh7 12. Rb1 b6 13. a3 a5 14. Nd1 a4 15. b4 axb3 16. Rxb3 Be6 17. Ne3 Ra6 18. Qc2 Qa8 19. Rfb1 Qa7 20. Rb5 Rc8 21. Qd1 Rb8 22. Bc1 Bd7 23. Nd2 Nd4 24. R5b2 Ba4 25. Qe1 Bc6 26. Nb3 Ne6 27. Rc2 b5 28. Bd2 d4 29. Nf1 Bxg2 30. Kxg2 Rxa3 31. Nxc5 Nxc5 32. Bb4 Rc3 33. Bxc3 dxc3 34. Ne3 b4 0-1

[Event "Basel Easter op"]
[Site "Basel"]
[Date "2023.04.08"]
[Round "4"]
[White "Langheinrich, Ferenc"]
[Black "Ohler, Julius"]
[Result "1-0"]
[WhiteElo "2385"]
[BlackElo "2152"]
[PlyCount "113"]
[EventDate "2023.04.06"]
[EventType "swiss"]
[EventRounds "9"]
[EventCountry "SUI"]
[SourceTitle "CBM 213 Extra"]
[Source "ChessBase"]
[SourceDate "2023.05.31"]
[SourceVersion "1"]
[SourceVersionDate "2023.05.31"]
[SourceQuality "1"]

1. Nf3 d5 2. g3 Nf6 3. Bg2 c6 4. 0-0 Bf5 5. d3 Nbd7 6. c4 e6 7. Nc3 Be7 8. cxd5 exd5 9. Nh4 Be6 10. e4 0-0 11. Nf5 dxe4 12. dxe4 Ne5 13. Bf4 Bxf5 14. exf5 Nd3 15. Be3 Bc5 16. Bxc5 Nxc5 17. b4 Nd3 18. Qb3 Qb6 19. Ne4 Nxe4 20. Bxe4 Nxb4 21. f6 g6 22. Rab1 a5 23. Qf3 Qd4 24. Rbd1 Qe5 25. Rfe1 Rfe8 26. Kg2 Re6 27. Bxg6 Qxf6 28. Bf5 Rxe1 29. Rxe1 Nd5 30. Re4 Ne7 31. Bxh7+ Kg7 32. Rf4 Qe6 33. Bd3 f5 34. a4 Qd5 35. Bc4 Qxf3+ 36. Rxf3 Rd8 37. Rb3 Rd7 38. Be6 Rd6 39. Bc4 Rd7 40. h4 Kf6 41. f3 Rd4 42. Be2 Rb4 43. Rxb4 axb4 44. Bc4 Nd5 45. Kf2 Nb6 46. Bb3 c5 47. Ke3 c4 48. Bd1 b3 49. a5 Na4 50. Kd4 b2 51. Bc2 c3 52. g4 fxg4 53. fxg4 b5 54. g5+ Kg7 55. h5 Kh8 56. h6 b4 57. Kc4 1-0

[Event "Heusenstamm Schloss op"]
[Site "Heusenstamm"]
[Date "2022.11.20"]
[Round "6"]
[White "Eilers, Stefan"]
[Black "Ohler, Julius"]
[Result "1/2-1/2"]
[WhiteElo "2292"]
[BlackElo "2120"]
[PlyCount "96"]
[EventDate "2022.11.17"]
[EventType "swiss"]
[EventRounds "7"]
[EventCountry "GER"]
[SourceTitle "CBM 211 Extra"]
[Source "ChessBase"]
[SourceDate "2023.01.31"]
[SourceVersion "1"]
[SourceVersionDate "2023.01.31"]
[SourceQuality "1"]

1. d4 Nf6 2. Nf3 e6 3. g3 d5 4. Bg2 Be7 5. c4 0-0 6. Nc3 dxc4 7. Ne5 Nc6 8. Bxc6 bxc6 9. Nxc6 Qe8 10. Nxe7+ Qxe7 11. Qa4 Bb7 12. 0-0 c5 13. Qxc4 cxd4 14. Qxd4 e5 15. Qh4 Qe6 16. e4 Rac8 17. Bg5 Rxc3 18. bxc3 Nxe4 19. Be3 Nxc3 20. f3 a5 21. Rf2 Qd5 22. Raf1 Ba6 23. Rd2 Qa8 24. Rff2 f6 25. Qg4 Qc6 26. Qd7 Qc4 27. Qe7 Bb5 28. Qc5 Rc8 29. Qxc4+ Bxc4 30. Rd7 Bxa2 31. Rb2 Be6 32. Rd6 Bd5 33. Bd2 Bxf3 34. Rd3 Ne2+ 35. Kf2 Bh5 36. Be3 Nd4 37. Bxd4 exd4 38. Rxd4 Rc7 39. Rd5 Bg6 40. Rxa5 Rc2+ 41. Rxc2 Bxc2 42. Ra7 h5 43. Ke3 Bf5 44. h4 Bg4 45. Kd4 Kf8 46. Kd5 Bh3 47. Kd6 Bg4 48. Ra5 Kf7 1/2-1/2

[Event "Heusenstamm Schloss op"]
[Site "Heusenstamm"]
[Date "2022.11.19"]
[Round "5"]
[White "Ohler, Julius"]
[Black "Jakel, Wolfgang"]
[Result "1-0"]
[WhiteElo "2120"]
[BlackElo "2267"]
[PlyCount "85"]
[EventDate "2022.11.17"]
[EventType "swiss"]
[EventRounds "7"]
[EventCountry "GER"]
[SourceTitle "CBM 211 Extra"]
[Source "ChessBase"]
[SourceDate "2023.01.31"]
[SourceVersion "1"]
[SourceVersionDate "2023.01.31"]
[SourceQuality "1"]

1. d4 f5 2. Nc3 Nf6 3. Bg5 d5 4. Bxf6 exf6 5. e3 Be6 6. Qf3 Qd7 7. Nge2 Nc6 8. Nf4 Bb4 9. Bd3 Ne7 10. Qg3 Kf7 11. 0-0 Bxc3 12. bxc3 c6 13. a4 b6 14. Rfb1 Rhd8 15. h4 Nc8 16. f3 Nd6 17. Re1 Re8 18. a5 b5 19. Bf1 a6 20. Nd3 Nb7 21. e4 fxe4 22. fxe4 dxe4 23. Rxe4 Bf5 24. Rxe8 Rxe8 25. Nb4 Be4 26. Bd3 Bxd3 27. cxd3 c5 28. Nxa6 cxd4 29. Qc7 Re7 30. Qxd7 Rxd7 31. cxd4 Rxd4 32. Nc7 Nxa5 33. Rxa5 Rxd3 34. Rxb5 Rd4 35. g3 Rd2 36. Rd5 Re2 37. Kf1 Re7 38. Nb5 g6 39. Kf2 h5 40. Rc5 Ke6 41. Nd4+ Kf7 42. Kf3 Kg7 43. Rc7 1-0

[Event "Heusenstamm Schloss op"]
[Site "Heusenstamm"]
[Date "2022.11.18"]
[Round "2"]
[White "Jung, Maximilian"]
[Black "Ohler, Julius"]
[Result "0-1"]
[WhiteElo "1820"]
[BlackElo "2120"]
[PlyCount "100"]
[EventDate "2022.11.17"]
[EventType "swiss"]
[EventRounds "7"]
[EventCountry "GER"]
[SourceTitle "CBM 212 Extra"]
[Source "ChessBase"]
[SourceDate "2023.03.31"]
[SourceVersion "1"]
[SourceVersionDate "2023.03.31"]
[SourceQuality "1"]

1. e4 c6 2. d4 d5 3. e5 Bf5 4. Nf3 e6 5. Be2 Nd7 6. 0-0 Ne7 7. Be3 h6 8. Nbd2 Bg6 9. c4 Nf5 10. c5 Be7 11. b4 0-0 12. Qb3 f6 13. exf6 Bxf6 14. Rad1 a6 15. a4 Qc7 16. Rfe1 Nxe3 17. Qxe3 e5 18. dxe5 Nxe5 19. Nxe5 Bxe5 20. Nf3 Rae8 21. Nxe5 Rxe5 22. Qd2 Rfe8 23. Bf3 Qe7 24. Rxe5 Qxe5 25. h3 Kh7 26. Qd4 Qxd4 27. Rxd4 Re1+ 28. Kh2 Ra1 29. a5 Rc1 30. Kg3 Rc4 31. Rxc4 dxc4 32. Kf4 c3 33. Ke3 Bf5 34. Bg4 Bxg4 35. hxg4 Kg6 36. Kd3 Kg5 37. f3 Kf4 38. Kxc3 Kg3 39. Kd4 Kxg2 40. Ke4 Kg3 41. Ke3 Kh4 42. Kf4 g6 43. Ke5 Kg5 44. Ke4 h5 45. gxh5 gxh5 46. Ke5 h4 47. f4+ Kh6 48. f5 h3 49. f6 h2 50. f7 Kg7 0-1

[Event "Bayern-chI Bank Hofmann 25th"]
[Site "Tegernsee"]
[Date "2022.11.08"]
[Round "4"]
[White "Ohler, Julius"]
[Black "Leeb, Simon"]
[Result "1/2-1/2"]
[WhiteElo "2120"]
[BlackElo "2276"]
[PlyCount "75"]
[EventDate "2022.11.05"]
[EventType "swiss"]
[EventRounds "9"]
[EventCountry "GER"]
[SourceTitle "CBM 211 Extra"]
[Source "ChessBase"]
[SourceDate "2023.01.31"]
[SourceVersion "1"]
[SourceVersionDate "2023.01.31"]
[SourceQuality "1"]

1. d4 Nf6 2. c4 e6 3. Nf3 b6 4. g3 Bb7 5. Bg2 Be7 6. Nc3 0-0 7. 0-0 d5 8. Ne5 Nc6 9. Bf4 Na5 10. cxd5 Nxd5 11. Nxd5 Bxd5 12. e4 Bb7 13. Be3 Bd6 14. Nd3 Nc4 15. Qe2 Be7 16. Rac1 Nxe3 17. Qxe3 Bf6 18. e5 Bxg2 19. Kxg2 Be7 20. Qe4 Qd7 21. Rfd1 Rac8 22. h4 Rfd8 23. Nf4 c6 24. Rd3 Bf8 25. a3 g6 26. g4 h6 27. Kg3 Kg7 28. f3 Be7 29. Rcd1 Qc7 30. h5 g5 31. Nxe6+ fxe6 32. Qg6+ Kh8 33. Qxh6+ Kg8 34. Qxe6+ Kh8 35. Qh6+ Kg8 36. Qg6+ Kh8 37. Qh6+ Kg8 38. Qg6+ 1/2-1/2